Guess the 1970s song lyrics #200 - Statistics

General Stats
  • This quiz has been taken 15 times
  • The average score is 213 of 352
Answer Stats
Answer % Correct
a
93%
A
93%
And
86%
and
86%
night
86%
you
86%
You
86%
all
79%
be
79%
On
79%
on
79%
the
79%
can
71%
is
71%
It
71%
it's
71%
It's
71%
me
71%
Oh
71%
to
71%
what
71%
What
71%
yeah
71%
Yeah
71%
your
71%
one
64%
right
64%
there
64%
This
64%
well
64%
will
64%
with
64%
From
57%
If
57%
yes
57%
You've
57%
baby
50%
Come
50%
got
50%
hear
50%
ladies
50%
lady
50%
Party
50%
party
50%
alright
43%
any
43%
feeling's
43%
feelings'
43%
Gonna
43%
gonna
43%
good
43%
here
43%
Ooh
43%
dreams
36%
Everything
36%
girl
36%
let's
36%
name
36%
stay
36%
that's
36%
tonight
36%
ain't
29%
celebrate
29%
noise
29%
out
29%
seen
29%
boys
21%
disco
21%
everywhere
21%
fulfill
21%
Girls
21%
lights
21%
mama
21%
New
21%
Romantic
21%
single
21%
sophisticated
21%
step
21%
Steppin
21%
y'all
21%
York
21%
Hollywood
14%
Mmm
14%
special
14%
No matching quizzes found
Score Distribution
Percent of People with Each Score
Percentile by Number Answered
Your Score History
You have not taken this quiz